Tipos extraños y singulares en Madrid : (Record no. 197972)

MARC details
000 -LEADER
campo de control de longitud fija 01334nam a2200325 i 4500
001 - NÚMERO DE CONTROL
campo de control 197972
003 - IDENTIFICADOR DE NÚMERO DE CONTROL
campo de control ES-MaACL
005 - FECHA Y HORA DE LA ÚLTIMA TRANSACCIÓN
campo de control 20260306063019.0
008 - DATOS DE LONGITUD FIJA--INFORMACIÓN GENERAL
campo de control de longitud fija 251121s2025 sp a|||| |||| 001 0cspa d
017 ## - NÚMERO DE COPYRIGHT O DE DEPÓSITO LEGAL
Número de copyright o de depósito legal M 14263-2025
Agencia que asigna Oficina Depósito Legal Madrid
020 ## - NÚMERO INTERNACIONAL ESTÁNDAR DEL LIBRO
Número Internacional Estándar del Libro 978-84-9873-585-7
040 ## - FUENTE DE CATALOGACIÓN
Centro catalogador/agencia de origen ES-MaACL
Lengua de catalogación spa
Centro/agencia transcriptor ES-MaACL
Normas de descripción rda
080 ## - NÚMERO DE LA CLASIFICACIÓN DECIMAL UNIVERSAL
Número de la Clasificación Decimal Universal 929(460.27 M.)"13/19"
100 1# - ENTRADA PRINCIPAL--NOMBRE DE PERSONA
9 (RLIN) 176467
Nombre de persona González-Alcalde, Julio
Relación aut
Término indicativo de función/relación Autor
245 10 - MENCIÓN DEL TÍTULO
Título Tipos extraños y singulares en Madrid :
Resto del título siglos XIV-XX /
Mención de responsabilidad, etc. Julio González-Alcalde
264 #1 - PRODUCCIÓN, PUBLICACIÓN, DISTRIBUCIÓN, FABRICACIÓN Y COPYRIGHT
Producción, publicación, distribución, fabricación y copyright Madrid :
Nombre del de productor, editor, distribuidor, fabricante Ediciones La Librería,
Fecha de producción, publicación, distribución, fabricación o copyright 2025
264 #4 - PRODUCCIÓN, PUBLICACIÓN, DISTRIBUCIÓN, FABRICACIÓN Y COPYRIGHT
Producción, publicación, distribución, fabricación y copyright ©2025
300 ## - DESCRIPCIÓN FÍSICA
Extensión 303 páginas :
Otras características físicas ilustraciones (blanco y negro) ;
Dimensiones 21 cm
336 ## - TIPO DE CONTENIDO
Fuente rdacontent
Término de tipo de contenido texto
337 ## - TIPO DE MEDIO
Fuente rdamedia
Nombre/término del tipo de medio sin mediación
338 ## - TIPO DE SOPORTE
Fuente rdacarrier
Nombre/término del tipo de soporte volumen
500 ## - NOTA GENERAL
Nota general Ejemplar firmado y dedicado por el autor
504 ## - NOTA DE BIBLIOGRAFÍA, ETC.
Nota de bibliografía, etc. Bibliografía: páginas 287-303. Índice
650 #4 - PUNTO DE ACCESO ADICIONAL DE MATERIA--TÉRMINO DE MATERIA
9 (RLIN) 242887
Término de materia o nombre geográfico como elemento de entrada Españoles
Subdivisión geográfica Madrid
Subdivisión general Biografías
852 ## - LOCALIZACIÓN
Ubicación ES-MaACL
Ubicación en estantería Depósito 1
Número de control de estantería A-15969
Anotaciones manuscritas Dedicataria autógrafa del autor
Donativo/Legado Donación: Julio González-Alcalde
Encuadernación Encuadernación rústica con solapas
itemnumber 207112
942 ## - ELEMENTOS DE ENTRADA SECUNDARIOS (KOHA)
Tipo de ítem Koha Libro impreso
Suprimir en OPAC No
Holdings
Estatus retirado Estado de pérdida Fuente del sistema de clasificación o colocación Estado de daño No para préstamo Colección Biblioteca de origen Biblioteca actual Ubicación en estantería Fecha de adquisición Fuente de adquisición Total de préstamos Signatura topográfica completa Código de barras Visto por última vez Precio de reemplazo Tipo de ítem Koha Nota pública
    Clasificación decimal universal     Libros con dedicatorias Biblioteca del Ateneo de Madrid Biblioteca del Ateneo de Madrid Depósito 1 21/11/2025 Donación   A-15969 2026-0105 04/03/2026 04/03/2026 Libro impreso Dedicatoria autógrafa del autor